Top 15 Best Soccer Players of 2025 - Statistics

General Stats
  • This quiz has been taken 68 times
  • The average score is 12 of 15
Answer Stats
Hint Answer % Correct
Man City Erling Haaland
98%
Real Madrid Kylian Mbappe
98%
Barca Lamine Yamal
97%
PSG Ousmane Dembele
95%
Liverpool Mohamed Salah
93%
Chelsea Cole Palmer
90%
Bayern Munich Harry Kane
90%
Barca Raphinha
86%
PSG Vitinha
84%
Arsenal Declan Rice
81%
Man City Gianluigi Donnarumma
79%
Barca Pedri
76%
PSG Achraf Hakimi
74%
PSG Nuno Mendes
74%
PSG Khvicha Kvaratshkelia
10%
No matching quizzes found
Score Distribution
Percent of People with Each Score
Percentile by Number Answered
Your Score History
You have not taken this quiz